An Impact of Feature Selection on SVM Random Forest and K-NN Classifiers (Thesis MS) (Record no. 69054)

MARC details
000 -LEADER
fixed length control field 00380nam a22001097a 4500
100 ## - MAIN ENTRY--AUTHOR NAME
Personal name Asad Nazir
-- 22MCSE08
-- Supervisor - Prof .Dr. Fareed Ahmed Jokhio
245 ## - TITLE STATEMENT
Title An Impact of Feature Selection on SVM Random Forest and K-NN Classifiers (Thesis MS)
260 ## - PUBLICATION, DISTRIBUTION, ETC. (IMPRINT)
Place of publication Nawabshah
Name of publisher QUEST
Year of publication 2026
300 ## - PHYSICAL DESCRIPTION
Number of Pages 81p.
700 ## - ADDED ENTRY--PERSONAL NAME
Personal name Department of Computer Systems Engineering
942 ## - ADDED ENTRY ELEMENTS (KOHA)
Koha item type Thesis and Dissertation
Holdings
Withdrawn status Lost status Home library Current library Date acquired Accession Number Koha item type
    Research Section Research Section 20/04/2026 MP/97-1411 Thesis and Dissertation